| 000 | 00717nam a22001817a 4500 | ||
|---|---|---|---|
| 003 | IT-RoPau | ||
| 005 | 20220918175939.0 | ||
| 008 | 130125b xxu||||| |||| 00| 0 eng d | ||
| 040 | _cIT-RoPau | ||
| 100 |
_aP. , Lucia _9257 |
||
| 245 |
_aTecla _bUna testimonianza viva |
||
| 250 | _aI | ||
| 260 |
_aMilano _bFSP _c1988 |
||
| 300 |
_a49 p. _c19 cm |
||
| 490 |
_aEdizioni Paoline _vI |
||
| 520 | _aIndice 1. Una personalità armonica 2. Una vocazione nuova 3. Una donna di fede 4. La dimensione del nomade 5. Geografia viva 6. Una donna contemplativa e attiva 7. La dimensione del deserto 8. La dimensione dello stupore 9. Una svolta storica 10. Una presenza viva e dinamica | ||
| 942 |
_2ddc _cBK |
||
| 999 |
_c37849 _d37849 |
||